| 000 | 00952nam a2200241 a 4500 | ||
|---|---|---|---|
| 001 | 000023266 | ||
| 005 | 20240527202356.0 | ||
| 008 | 101201s1988 mx a 000 0 spa d | ||
| 020 | _a9688882739 | ||
| 040 |
_aDO-SdBNP _bspa _cBNPHU |
||
| 041 | 1 | 7 |
_aspa _heng _2Código de idiomas MARC |
| 082 |
_a337 _bB877m |
||
| 100 | 1 |
_aBrower, Daniel R. _947901 |
|
| 240 | 1 | 0 |
_aThe world in the 20 century, the age of global war and revolution. _lEspañol |
| 245 | 1 | 3 |
_aEl mundo en el siglo xx : _bla era de la guerra global y la revolución / _cDaniel R. Brower ; traducción Maria del Carmen Flores. |
| 260 |
_aMéxico, D. F. : _bPrisma, _c1988. |
||
| 300 |
_a457 p. : _bil. ; _c20 cm. |
||
| 534 |
_aTítulo original : _tThe world in the 20 century, the age of global war and revolution |
||
| 650 | 0 |
_a Relaciones económicas internacionales _91067 |
|
| 650 | 0 |
_aPolítica económica _984931 |
|
| 700 | 1 |
_aFlores, Maria del Carmen, _etr. _947902 |
|
| 049 | _aBNGR | ||
| 999 |
_c22763 _d22763 |
||